Tyson Fury A-Z - Statistics

General Stats
  • This quiz has been taken 37 times
  • The average score is 13 of 24
Answer Stats
Letter Question Answer % Correct
B Which superhero did he dress up as in a press conference? Batman
90%
J His father and ex-professional fighter John Fury
87%
E Country born in England
84%
I Other than Great Britain which country did Tyson represent at youth level Ireland
84%
P His wife's name Paris
84%
T Famous half-brother who is best known for being on Love Island Tommy Fury
84%
G His nickname Gypsy King
81%
K Who did Tyson famously beat in 2015 to become heavyweight champion of the world? Wladimir Klitschko
77%
Q In 2010 Fury fought for the first time outside of the British Isles in which Canadian Province? Quebec
71%
L Which city did Tyson fight all 3 of the Widler fights in? Las Vegas
68%
W What famous wrestling show did Fury appear on in 2019? WWE
61%
N Which country featured on Tyson's gumshield in his second bout with Wilder? Nigeria
55%
O Fury was reportedly very angry to hear David Price was chosen to go to what event instead of him Olympics
55%
U Tyson was the "massive" what in his 2015 Kollisionskurs fight? Underdog
55%
D Which fellow Brit did Tyson beat at 22 to win British and Commonwealth titles? Derek Chisora
52%
F His current boxing promoter Frank Warren
52%
H His professional heavyweight cousin Hughie Fury
52%
V Name of his daughter and was printed on his shorts in the above fight Venezuela
35%
Y What was Fury offered to fight on by a Sheik in Dubai? Yacht
35%
R Fury appeared as a guest vocalist in a song called Bad Sharon with which famous British Artist? Robbie Williams
23%
M Some say Furys only loss came against this fighter John McDermott
19%
S Fury made his return to boxing after two years against which boxer Sefer Seferi
16%
C Fury's American debut came against which fighter Steve Cunningham
16%
A Where did Tyson and Paris go on their honeymoon before his professional debut? Algarve
0%
No matching quizzes found
Score Distribution
Percent of People with Each Score
Percentile by Number Answered
Your Score History
You have not taken this quiz